Configuración de Routers Cisco

Saved in:
Bibliografiske detaljer
Main Authors: Leinwand, Allan (Author), Pinsky, Bruce (Author)
Format: Bog
Sprog:spansk
Udgivet: Madrid Pearson Educación 2001
Madrid Cisco 2001
Udgivelse:2a. ed
Fag:
Tags: Tilføj Tag
Ingen Tags, Vær først til at tagge denne postø!

MARC

LEADER 00000nam a2200000 a 4500
001 UCK6328
003 CL-VaPUC
008 050916e20010000sp |||||||||||||||||spa|d
020 |a 842053188X 
082 0 4 |a 004.62  |b LEI  |2 21 
100 0 |a Leinwand, Allan  |e author  |9 495489 
700 0 |a Pinsky, Bruce  |e author  |9 495490 
245 1 0 |a Configuración de Routers Cisco 
250 |a 2a. ed 
300 |a 356 p 
942 |c BK 
945 |d 20050916 00:00:00  |a jcarroza 
260 |a Madrid  |b Pearson Educación  |c 2001 
260 |a Madrid  |b Cisco  |c 2001 
650 0 |a Protocolos de redes   |9 464559 
650 0 |a Redes de computadores  |9 263293 
650 0 |a Software  |9 387312 
583 |a last modification  |c 20171204 01:18:22  |k Rodrigo Vera 
999 |c 314624  |d 314622 
952 |0 0  |1 1  |2 ddc  |4 0  |6 004_620000000000000_LEI_2001_2001  |7 0  |8 A  |9 387174  |a BIBING  |b BIBING  |d 2019-11-22  |i 4155157  |o 004.62 LEI 2001 2001  |p 4155157  |r 2023-03-02  |w 2019-11-22  |y BK  |k EIE